[Event "DEM U18 2018"]
[Site "Willingen GER"]
[Date "2018.05.23"]
[Round "6"]
[White "Weller, Uli"]
[Black "Mätzkow, Maximilian Paul"]
[Result "0-1"]
[Termination "normal"]
[Board "11"]
[WhiteElo "2062"]
[BlackElo "2171"]
[WhiteClock "00:42:14"]
[BlackClock "00:30:15"]
[PlyCount "68"]
[WhiteFideId "12971782"]
[BlackFideId "24679933"]
[EventCountry "GER"]
[EventRounds "9"]
[EventType "swiss"]
[EventDate "2018.05.19"]

1. e4 c5 2. Nc3 Nc6 3. g3 g6 4. d3 Bg7 5. Be3 d6 6. Qd2 Nd4 7. Bg2 { [%clk
1:32:56]} 7... Qa5 {[%clk 1:28:03]} 8. f4 {[%clk 1:28:53]} 8... e6 { [%clk
1:28:13]} 9. Nf3 {[%clk 1:28:09]} 9... Ne7 {[%clk 1:28:04]} 10. O-O { [%clk
1:25:08]} 10... Nec6 {[%clk 1:26:19]} 11. h3 {[%clk 1:18:18]} 11... O-O { [%clk
1:25:10]} 12. Qf2 {[%clk 1:11:26]} 12... Nxf3+ {[%clk 1:18:28]} 13. Bxf3 {[%clk
1:11:26]} 13... Nd4 {[%clk 1:18:48]} 14. Bg2 {[%clk 1:11:21]} 14... Bd7 {[%clk
1:13:08]} 15. Nd1 {[%clk 1:09:26]} 15... Rae8 {[%clk 1:08:02]} 16. c3 { [%clk
1:07:27]} 16... Nb3 {[%clk 1:04:42]} 17. axb3 {[%clk 1:05:00]} 17... Qxa1
{[%clk 1:01:42]} 18. e5 {[%clk 1:04:54]} 18... b6 {[%clk 0:54:54]} 19. exd6 {
[%clk 1:04:18]} 19... Qa6 {[%clk 0:53:42]} 20. Qf3 {[%clk 0:56:10]} 20... Qxd3
{[%clk 0:47:40]} 21. Qb7 {[%clk 0:55:47]} 21... Qxd6 {[%clk 0:47:53]} 22. Nf2 {
[%clk 0:55:08]} 22... Bc8 {[%clk 0:46:15]} 23. Qxa7 {[%clk 0:55:14]} 23... Re7
{[%clk 0:45:51]} 24. Qa4 {[%clk 0:53:08]} 24... Bb7 {[%clk 0:44:16]} 25. Rd1 {
[%clk 0:52:33]} 25... Qb8 {[%clk 0:41:38]} 26. b4 {[%clk 0:52:03]} 26... Bxg2 {
[%clk 0:41:55]} 27. Kxg2 {[%clk 0:52:26]} 27... Qb7+ {[%clk 0:40:08]} 28. Kh2 {
[%clk 0:51:13]} 28... e5 {[%clk 0:39:31]} 29. fxe5 {[%clk 0:45:39]} 29... Qf3 {
[%clk 0:38:26]} 30. Ng4 {[%clk 0:43:47]} 30... h5 {[%clk 0:32:17]} 31. Bg5 {
[%clk 0:43:10]} 31... Bxe5 {[%clk 0:31:43]} 32. Bxe7 {[%clk 0:43:15]} 32...
Bxg3+ {[%clk 0:31:33]} 33. Kg1 {[%clk 0:43:43]} 33... hxg4 {[%clk 0:31:46]} 34.
Rf1 {[%clk 0:42:14]} 34... Qe3+ {[%clk 0:30:15]} 0-1

[Event "DEM U18 2018"]
[Site "Willingen GER"]
[Date "2018.05.23"]
[Round "6"]
[White "Heldt, Nils-Lennart"]
[Black "Gelman, Josef"]
[Result "0-1"]
[Termination "normal"]
[Board "12"]
[WhiteElo "2070"]
[BlackElo "1962"]
[WhiteClock "00:48:45"]
[BlackClock "00:08:02"]
[PlyCount "80"]
[WhiteFideId "12952109"]
[BlackFideId "12959642"]
[EventCountry "GER"]
[EventRounds "9"]
[EventType "swiss"]
[EventDate "2018.05.19"]

1. e3 {[%clk 1:30:57]} 1... d5 {[%clk 1:30:59]} 2. b3 {[%clk 1:31:15]} 2... Nf6
{[%clk 1:31:26]} 3. Bb2 {[%clk 1:31:33]} 3... Bf5 {[%clk 1:31:54]} 4. Nf3 {
[%clk 1:31:50]} 4... e6 {[%clk 1:32:22]} 5. Be2 {[%clk 1:31:55]} 5... Nbd7 {
[%clk 1:32:49]} 6. O-O {[%clk 1:32:09]} 6... c6 {[%clk 1:33:17]} 7. h3 { [%clk
1:32:15]} 7... Bd6 {[%clk 1:33:43]} 8. Re1 {[%clk 1:32:00]} 8... h6 { [%clk
1:34:07]} 9. d3 {[%clk 1:32:01]} 9... Qe7 {[%clk 1:34:18]} 10. Bf1 { [%clk
1:32:09]} 10... e5 {[%clk 1:34:25]} 11. c4 {[%clk 1:32:05]} 11... O-O { [%clk
1:34:47]} 12. a3 {[%clk 1:32:22]} 12... a5 {[%clk 1:34:36]} 13. Nc3 { [%clk
1:32:02]} 13... Bh7 {[%clk 1:33:53]} 14. cxd5 {[%clk 1:31:09]} 14... cxd5
{[%clk 1:34:01]} 15. Nb5 {[%clk 1:31:15]} 15... Bb8 {[%clk 1:34:01]} 16. Rc1 {
[%clk 1:31:27]} 16... Bd6 {[%clk 1:33:23]} 17. Nxd6 {[%clk 1:30:48]} 17... Qxd6
{[%clk 1:33:49]} 18. Qc2 {[%clk 1:30:11]} 18... Rfe8 {[%clk 1:28:03]} 19. Qc7 {
[%clk 1:26:59]} 19... Qe6 {[%clk 1:27:51]} 20. d4 {[%clk 1:19:49]} 20... e4 {
[%clk 1:27:40]} 21. Ne5 {[%clk 1:20:08]} 21... Nf8 {[%clk 1:25:56]} 22. Qc2 {
[%clk 1:16:21]} 22... Rec8 {[%clk 1:26:06]} 23. Qd2 {[%clk 1:16:38]} 23... Qb6
{[%clk 1:24:50]} 24. Rc3 {[%clk 1:14:23]} 24... Bf5 {[%clk 1:24:32]} 25. Rec1 {
[%clk 1:13:54]} 25... Rxc3 {[%clk 1:24:32]} 26. Rxc3 {[%clk 1:14:16]} 26... Rc8
{[%clk 1:24:52]} 27. Rxc8 {[%clk 1:13:14]} 27... Bxc8 {[%clk 1:25:18]} 28. Qc2
{[%clk 1:13:22]} 28... Be6 {[%clk 1:24:42]} 29. a4 {[%clk 1:13:10]} 29... N6d7
{[%clk 1:24:09]} 30. Bb5 {[%clk 1:13:17]} 30... Qd8 {[%clk 1:22:45]} 31. Ba3 {
[%clk 1:11:05]} 31... Nxe5 {[%clk 1:20:39]} 32. dxe5 {[%clk 1:11:29]} 32... Qg5
{[%clk 1:17:41]} 33. Qc5 {[%clk 1:11:07]} 33... Ng6 {[%clk 1:17:47]} 34. Kh1 {
[%clk 1:08:52]} 34... Qxe5 {[%clk 1:08:51]} 35. Qc1 {[%clk 1:09:03]} 35... Qf6
{[%clk 1:07:29]} 36. Kg1 {[%clk 1:09:14]} 36... Nh4 {[%clk 1:07:00]} 37. Bf1 {
[%clk 1:04:56]} 37... Bxh3 {[%clk 1:03:55]} 38. Qc7 {[%clk 1:05:08]} 38... Qg5
{[%clk 0:12:20]} 39. Qg3 {[%clk 0:49:02]} 39... Bg4 {[%clk 0:08:32]} 40. Bb2 {
[%clk 0:48:45]} 40... Bd1 {[%clk 0:08:02]} 0-1

[Event "DEM U18 2018"]
[Site "Willingen GER"]
[Date "2018.05.23"]
[Round "6"]
[White "Schlick, Stefan"]
[Black "Schmohel, Andreas"]
[Result "1-0"]
[Termination "normal"]
[Board "13"]
[WhiteElo "1970"]
[BlackElo "1782"]
[WhiteClock "00:23:14"]
[BlackClock "00:32:41"]
[PlyCount "87"]
[WhiteFideId "16211332"]
[BlackFideId "16228006"]
[EventCountry "GER"]
[EventRounds "9"]
[EventType "swiss"]
[EventDate "2018.05.19"]

1. d4 {[%clk 1:30:56]} 1... Nf6 {[%clk 1:30:55]} 2. c4 {[%clk 1:31:21]} 2... e6
{[%clk 1:31:19]} 3. Nc3 {[%clk 1:31:47]} 3... Bb4 {[%clk 1:31:39]} 4. e3 {
[%clk 1:32:06]} 4... c5 {[%clk 1:31:42]} 5. Bd3 {[%clk 1:32:08]} 5... Nc6 {
[%clk 1:31:55]} 6. Nf3 {[%clk 1:32:32]} 6... Bxc3+ {[%clk 1:32:14]} 7. bxc3 {
[%clk 1:32:57]} 7... d6 {[%clk 1:32:35]} 8. O-O {[%clk 1:32:36]} 8... e5 {
[%clk 1:32:55]} 9. e4 {[%clk 1:32:51]} 9... h6 {[%clk 1:32:24]} 10. d5 { [%clk
1:32:01]} 10... Ne7 {[%clk 1:32:24]} 11. Nh4 {[%clk 1:30:16]} 11... g5 { [%clk
1:22:59]} 12. Qf3 {[%clk 1:20:35]} 12... Ng6 {[%clk 1:17:40]} 13. Nf5 { [%clk
1:19:08]} 13... Bxf5 {[%clk 1:11:20]} 14. exf5 {[%clk 1:09:23]} 14... Nh4
{[%clk 0:51:33]} 15. Qe2 {[%clk 0:59:49]} 15... Qd7 {[%clk 0:51:09]} 16. f4 {
[%clk 0:57:47]} 16... O-O-O {[%clk 0:43:39]} 17. fxg5 {[%clk 0:44:04]} 17...
hxg5 {[%clk 0:34:41]} 18. Bxg5 {[%clk 0:43:24]} 18... Rdg8 {[%clk 0:27:59]} 19.
Bxf6 {[%clk 0:41:03]} 19... Rxg2+ {[%clk 0:27:09]} 20. Qxg2 {[%clk 0:41:03]}
20... Nxg2 {[%clk 0:27:31]} 21. Kxg2 {[%clk 0:33:17]} 21... Rg8+ { [%clk
0:25:28]} 22. Kf3 {[%clk 0:29:17]} 22... Qa4 {[%clk 0:24:43]} 23. h4 { [%clk
0:23:51]} 23... Qa3 {[%clk 0:23:17]} 24. Rac1 {[%clk 0:23:12]} 24... Qxa2
{[%clk 0:23:12]} 25. Rc2 {[%clk 0:22:15]} 25... Qa4 {[%clk 0:22:22]} 26. Rg2 {
[%clk 0:20:30]} 26... Re8 {[%clk 0:17:54]} 27. Ke4 {[%clk 0:17:48]} 27... Qa3 {
[%clk 0:17:40]} 28. Rc2 {[%clk 0:17:35]} 28... Rg8 {[%clk 0:16:51]} 29. Bg5 {
[%clk 0:14:04]} 29... Qa4 {[%clk 0:16:45]} 30. f6 {[%clk 0:13:27]} 30... b5 {
[%clk 0:16:59]} 31. Rfc1 {[%clk 0:13:29]} 31... bxc4 {[%clk 0:17:02]} 32. Be2 {
[%clk 0:13:49]} 32... Qd7 {[%clk 0:17:02]} 33. Rg1 33... Qa4 {[%clk 0:16:10]}
34. Bg4+ {[%clk 0:14:27]} 34... Kc7 {[%clk 0:16:24]} 35. Rb2 {[%clk 0:13:22]}
35... Rb8 {[%clk 0:16:01]} 36. Rf2 {[%clk 0:11:13]} 36... Qb3 {[%clk 0:15:01]}
37. Rc1 {[%clk 0:11:24]} 37... a5 {[%clk 0:12:59]} 38. Bd1 {[%clk 0:10:34]}
38... Qa3 {[%clk 0:12:53]} 39. Be3 {[%clk 0:07:51]} 39... Rg8 {[%clk 0:12:41]}
40. h5 {[%clk 0:04:15]} 40... Rg3 {[%clk 0:12:40]} 41. Rfc2 {[%clk 0:00:45]}
41... Rh3 {[%clk 0:09:30]} 42. Rb1 {[%clk 0:25:39]} 42... Rh4+ {[%clk 0:37:59]}
43. Kf3 {[%clk 0:23:56]} 43... Rxh5 {[%clk 0:32:41]} 44. Rcb2 {[%clk 0:23:14]}
1-0

[Event "DEM U18 2018"]
[Site "Willingen GER"]
[Date "2018.05.23"]
[Round "6"]
[White "Zimmer, Luca"]
[Black "Focke, Adrian"]
[Result "1/2-1/2"]
[Termination "normal"]
[Board "14"]
[WhiteElo "1633"]
[BlackElo "1775"]
[WhiteClock "00:34:12"]
[BlackClock "00:56:53"]
[PlyCount "41"]
[WhiteFideId "12921424"]
[BlackFideId "12969869"]
[EventCountry "GER"]
[EventRounds "9"]
[EventType "swiss"]
[EventDate "2018.05.19"]

1. e4 c5 2. Nf3 e6 3. b3 {[%clk 1:31:26]} 3... d6 {[%clk 1:28:55]} 4. Bb5+ {
[%clk 1:29:28]} 4... Nd7 {[%clk 1:28:48]} 5. Bb2 {[%clk 1:27:15]} 5... a6 {
[%clk 1:28:07]} 6. Bxd7+ {[%clk 1:26:54]} 6... Qxd7 {[%clk 1:27:23]} 7. Nc3 {
[%clk 1:24:44]} 7... Nf6 {[%clk 1:26:44]} 8. O-O {[%clk 1:20:46]} 8... Be7 {
[%clk 1:25:38]} 9. e5 {[%clk 1:20:03]} 9... dxe5 {[%clk 1:24:41]} 10. Nxe5 {
[%clk 1:19:59]} 10... Qc7 {[%clk 1:25:05]} 11. Re1 {[%clk 1:15:49]} 11... b6 {
[%clk 1:16:31]} 12. d4 {[%clk 0:56:46]} 12... cxd4 {[%clk 1:14:33]} 13. Qxd4 {
[%clk 0:56:56]} 13... Bb7 {[%clk 1:09:50]} 14. Qc4 {[%clk 0:47:50]} 14... Qxc4
{[%clk 1:06:33]} 15. Nxc4 {[%clk 0:47:50]} 15... b5 {[%clk 1:06:59]} 16. Na5 {
[%clk 0:44:48]} 16... Ra7 {[%clk 1:00:36]} 17. Nxb7 {[%clk 0:41:05]} 17... Rxb7
{[%clk 1:01:03]} 18. Ne4 {[%clk 0:38:51]} 18... Nxe4 {[%clk 0:59:55]} 19. Rxe4
{[%clk 0:39:04]} 19... O-O {[%clk 1:00:15]} 20. c4 {[%clk 0:36:44]} 20... Rc8 {
[%clk 0:56:53]} 21. Rc1 {[%clk 0:34:12]} 1/2-1/2

[Event "DEM U18 2018"]
[Site "Willingen GER"]
[Date "2018.05.24"]
[Round "7"]
[White "Parvanyan, Ashot"]
[Black "Schmidek, Emil"]
[Result "1-0"]
[Termination "normal"]
[Board "2"]
[WhiteTitle "FM"]
[BlackTitle "FM"]
[WhiteElo "2413"]
[BlackElo "2395"]
[WhiteClock "00:03:34"]
[BlackClock "00:00:45"]
[PlyCount "55"]
[WhiteFideId "13307550"]
[BlackFideId "12908150"]
[EventCountry "GER"]
[EventRounds "9"]
[EventType "swiss"]
[EventDate "2018.05.19"]

1. Nf3 {[%clk 1:30:55]} 1... Nf6 {[%clk 1:30:55]} 2. c4 {[%clk 1:31:22]} 2...
g6 {[%clk 1:31:22]} 3. Nc3 {[%clk 1:31:48]} 3... d5 {[%clk 1:31:49]} 4. cxd5 {
[%clk 1:32:12]} 4... Nxd5 {[%clk 1:32:14]} 5. h4 {[%clk 1:32:38]} 5... Bg7 {
[%clk 1:32:34]} 6. e4 {[%clk 1:33:03]} 6... Nb4 {[%clk 1:32:41]} 7. d4 { [%clk
1:29:44]} 7... Bxd4 {[%clk 1:25:24]} 8. Qb3 {[%clk 1:29:58]} 8... N8c6 { [%clk
1:20:26]} 9. Bc4 {[%clk 1:20:44]} 9... e6 {[%clk 0:57:50]} 10. Bh6 { [%clk
1:12:55]} 10... Bc5 {[%clk 0:43:00]} 11. Na4 {[%clk 0:50:09]} 11... Be7 { [%clk
0:31:47]} 12. a3 {[%clk 0:45:28]} 12... a6 {[%clk 0:22:42]} 13. Rd1 { [%clk
0:40:36]} 13... Bd7 {[%clk 0:22:17]} 14. Be2 {[%clk 0:36:58]} 14... b5 { [%clk
0:21:29]} 15. Nc5 {[%clk 0:26:56]} 15... Bxc5 {[%clk 0:17:19]} 16. Qc3 { [%clk
0:27:22]} 16... Nc2+ {[%clk 0:15:43]} 17. Qxc2 {[%clk 0:26:18]} 17... Be7
{[%clk 0:15:25]} 18. O-O {[%clk 0:22:35]} 18... Bf6 {[%clk 0:09:04]} 19. Rd2 {
[%clk 0:04:23]} 19... Qc8 {[%clk 0:02:59]} 20. Rfd1 {[%clk 0:03:09]} 20... Nb8
{[%clk 0:03:17]} 21. e5 {[%clk 0:02:20]} 21... Be7 {[%clk 0:03:01]} 22. Ng5 {
[%clk 0:02:30]} 22... Bc6 {[%clk 0:02:34]} 23. Bg7 {[%clk 0:02:06]} 23... Rg8 {
[%clk 0:02:59]} 24. Bf6 {[%clk 0:02:33]} 24... Bd5 {[%clk 0:01:37]} 25. Bxe7 {
[%clk 0:02:35]} 25... Kxe7 {[%clk 0:02:03]} 26. Qc5+ {[%clk 0:02:49]} 26... Ke8
{[%clk 0:01:47]} 27. Rxd5 {[%clk 0:03:08]} 27... exd5 {[%clk 0:00:45]} 28. Qxd5
{[%clk 0:03:34]} 1-0

[Event "DEM U18 2018"]
[Site "Willingen GER"]
[Date "2018.05.24"]
[Round "7"]
[White "Buckels, Valentin"]
[Black "Lagunow, Raphael"]
[Result "1/2-1/2"]
[Termination "normal"]
[Board "3"]
[WhiteTitle "FM"]
[BlackTitle "FM"]
[WhiteElo "2340"]
[BlackElo "2387"]
[WhiteClock "00:06:18"]
[BlackClock "00:02:32"]
[PlyCount "81"]
[WhiteFideId "12942766"]
[BlackFideId "24652644"]
[EventCountry "GER"]
[EventRounds "9"]
[EventType "swiss"]
[EventDate "2018.05.19"]

1. Nf3 {[%clk 1:30:56]} 1... c5 {[%clk 1:30:54]} 2. c4 {[%clk 1:31:06]} 2... g6
{[%clk 1:31:18]} 3. g3 {[%clk 1:31:21]} 3... Bg7 {[%clk 1:31:40]} 4. Bg2 {
[%clk 1:31:23]} 4... Nc6 {[%clk 1:31:42]} 5. O-O {[%clk 1:31:04]} 5... Nh6 {
[%clk 1:31:57]} 6. Nc3 {[%clk 1:16:06]} 6... Nf5 {[%clk 1:31:41]} 7. b3 { [%clk
1:15:25]} 7... O-O {[%clk 1:20:58]} 8. Bb2 {[%clk 1:13:59]} 8... e6 { [%clk
1:20:33]} 9. d3 {[%clk 1:11:19]} 9... d5 {[%clk 1:05:45]} 10. Nd2 { [%clk
1:06:49]} 10... Nfe7 {[%clk 1:04:44]} 11. a3 {[%clk 1:01:02]} 11... b6 { [%clk
1:01:54]} 12. Rb1 {[%clk 0:58:31]} 12... d4 {[%clk 0:53:09]} 13. Na2 { [%clk
0:57:35]} 13... a5 {[%clk 0:53:04]} 14. Ra1 {[%clk 0:56:15]} 14... Bb7 { [%clk
0:46:46]} 15. b4 {[%clk 0:55:15]} 15... Qc7 {[%clk 0:46:55]} 16. Qc2 { [%clk
0:43:07]} 16... axb4 {[%clk 0:39:08]} 17. axb4 {[%clk 0:39:37]} 17... Rxa2
{[%clk 0:34:02]} 18. Rxa2 {[%clk 0:39:05]} 18... Nxb4 {[%clk 0:34:26]} 19. Qa4
{[%clk 0:38:47]} 19... Bxg2 {[%clk 0:33:21]} 20. Kxg2 {[%clk 0:38:39]} 20...
Nxa2 {[%clk 0:33:30]} 21. Qxa2 {[%clk 0:39:06]} 21... Qc6+ { [%clk 0:28:52]}
22. Kg1 {[%clk 0:39:10]} 22... Ra8 {[%clk 0:28:57]} 23. Qb3 { [%clk 0:39:23]}
23... Nc8 {[%clk 0:26:25]} 24. e3 {[%clk 0:30:45]} 24... dxe3 { [%clk 0:15:46]}
25. Bxg7 {[%clk 0:28:27]} 25... e2 {[%clk 0:12:34]} 26. Re1 { [%clk 0:28:14]}
26... Kxg7 {[%clk 0:12:58]} 27. Qc3+ {[%clk 0:24:51]} 27... f6 {[%clk 0:13:06]}
28. Ne4 {[%clk 0:25:06]} 28... e5 {[%clk 0:13:24]} 29. Rxe2 { [%clk 0:24:53]}
29... Ne7 {[%clk 0:08:28]} 30. f4 {[%clk 0:24:09]} 30... Qe6 { [%clk 0:05:47]}
31. Ng5 {[%clk 0:18:48]} 31... Qg4 {[%clk 0:05:12]} 32. Qb2 { [%clk 0:12:31]}
32... Nc6 {[%clk 0:01:46]} 33. Qxb6 {[%clk 0:11:53]} 33... fxg5 {[%clk
0:02:15]} 34. Qb7+ {[%clk 0:10:28]} 34... Kh6 {[%clk 0:02:05]} 35. fxg5+ {[%clk
0:10:21]} 35... Kxg5 {[%clk 0:01:40]} 36. Qxa8 {[%clk 0:05:14]} 36... Qxe2
{[%clk 0:01:58]} 37. Qxc6 {[%clk 0:05:38]} 37... Qe1+ {[%clk 0:01:58]} 38. Kg2
{[%clk 0:06:05]} 38... Qe2+ {[%clk 0:02:26]} 39. Kg1 {[%clk 0:06:29]} 39...
Qd1+ {[%clk 0:02:51]} 40. Kg2 {[%clk 0:06:18]} 40... Qe2+ {[%clk 0:02:32]} 41.
Kg1 1/2-1/2

[Event "DEM U18 2018"]
[Site "Willingen GER"]
[Date "2018.05.24"]
[Round "7"]
[White "Niermann, Tristan"]
[Black "Rieß, Alexander"]
[Result "1-0"]
[Termination "normal"]
[Board "4"]
[WhiteTitle "FM"]
[BlackTitle "FM"]
[WhiteElo "2327"]
[BlackElo "2279"]
[WhiteClock "00:03:13"]
[BlackClock "00:00:39"]
[PlyCount "81"]
[WhiteFideId "12990698"]
[BlackFideId "12953326"]
[EventCountry "GER"]
[EventRounds "9"]
[EventType "swiss"]
[EventDate "2018.05.19"]

1. d4 {[%clk 1:30:55]} 1... Nf6 {[%clk 1:30:53]} 2. c4 {[%clk 1:31:20]} 2... g6
{[%clk 1:31:18]} 3. g3 {[%clk 1:31:45]} 3... Bg7 {[%clk 1:31:35]} 4. Bg2 {
[%clk 1:32:10]} 4... d5 {[%clk 1:31:59]} 5. cxd5 {[%clk 1:32:27]} 5... Nxd5 {
[%clk 1:32:20]} 6. e4 {[%clk 1:32:45]} 6... Nb6 {[%clk 1:32:41]} 7. Ne2 { [%clk
1:33:04]} 7... c5 {[%clk 1:32:47]} 8. d5 {[%clk 1:32:54]} 8... O-O { [%clk
1:33:08]} 9. O-O {[%clk 1:33:15]} 9... e6 {[%clk 1:33:33]} 10. Nec3 { [%clk
1:33:20]} 10... Na6 {[%clk 1:33:51]} 11. Bf4 {[%clk 1:33:17]} 11... exd5 {[%clk
1:31:30]} 12. exd5 {[%clk 1:33:36]} 12... Bf5 {[%clk 1:31:47]} 13. g4 { [%clk
1:33:53]} 13... Bd7 {[%clk 1:31:43]} 14. Nd2 {[%clk 1:33:47]} 14... Qc8 { [%clk
1:30:31]} 15. g5 {[%clk 1:28:12]} 15... Bg4 {[%clk 1:12:34]} 16. f3 { [%clk
1:21:24]} 16... Bh3 {[%clk 1:01:43]} 17. Nde4 {[%clk 1:15:35]} 17... Bxg2
{[%clk 0:54:50]} 18. Kxg2 {[%clk 1:15:54]} 18... Qf5 {[%clk 0:52:19]} 19. Bg3 {
[%clk 1:10:15]} 19... Rfd8 {[%clk 0:49:52]} 20. d6 {[%clk 1:07:36]} 20... Nb4 {
[%clk 0:42:56]} 21. Qd2 {[%clk 0:55:59]} 21... Nc4 {[%clk 0:30:52]} 22. Qe2 {
[%clk 0:50:46]} 22... Nc2 {[%clk 0:27:50]} 23. Nd1 {[%clk 0:50:03]} 23... Nxa1
{[%clk 0:21:46]} 24. Qxc4 {[%clk 0:50:26]} 24... Qe6 {[%clk 0:12:25]} 25. Qc1 {
[%clk 0:37:35]} 25... Qxa2 {[%clk 0:12:01]} 26. Ndc3 {[%clk 0:35:08]} 26... Qc4
{[%clk 0:11:52]} 27. Qxa1 {[%clk 0:35:21]} 27... b5 {[%clk 0:10:19]} 28. Qc1 {
[%clk 0:32:23]} 28... Bd4 {[%clk 0:07:46]} 29. Qf4 {[%clk 0:23:17]} 29... Qb3 {
[%clk 0:05:56]} 30. Qh4 {[%clk 0:19:38]} 30... h5 {[%clk 0:05:34]} 31. gxh6 {
[%clk 0:18:10]} 31... Qxb2+ {[%clk 0:04:03]} 32. Rf2 {[%clk 0:18:05]} 32... Qb3
{[%clk 0:04:18]} 33. Ne2 {[%clk 0:11:52]} 33... Ba1 {[%clk 0:03:28]} 34. Rf1 {
[%clk 0:10:57]} 34... Bb2 {[%clk 0:03:17]} 35. Rb1 {[%clk 0:08:12]} 35... Qc2 {
[%clk 0:02:35]} 36. Re1 {[%clk 0:08:00]} 36... Qc4 {[%clk 0:02:00]} 37. Nf4 {
[%clk 0:07:08]} 37... Kh8 {[%clk 0:02:03]} 38. Qg5 {[%clk 0:06:01]} 38... Rd7 {
[%clk 0:01:55]} 39. Nd5 {[%clk 0:04:59]} 39... Re8 {[%clk 0:01:48]} 40. Nec3 {
[%clk 0:04:35]} 40... Bxc3 {[%clk 0:00:39]} 41. Rxe8+ {[%clk 0:03:13]} 1-0

[Event "DEM U18 2018"]
[Site "Willingen GER"]
[Date "2018.05.24"]
[Round "7"]
[White "Ewert, Hannes"]
[Black "Schneider, Jana"]
[Result "1/2-1/2"]
[Termination "normal"]
[Board "5"]
[WhiteTitle "FM"]
[BlackTitle "FM"]
[WhiteElo "2312"]
[BlackElo "2214"]
[WhiteClock "00:03:51"]
[BlackClock "00:02:21"]
[PlyCount "90"]
[WhiteFideId "12961574"]
[BlackFideId "12924997"]
[EventCountry "GER"]
[EventRounds "9"]
[EventType "swiss"]
[EventDate "2018.05.19"]

1. d4 {[%clk 1:30:58]} 1... Nf6 {[%clk 1:30:53]} 2. Nf3 {[%clk 1:31:18]} 2...
e6 {[%clk 1:31:14]} 3. g3 {[%clk 1:31:33]} 3... d5 {[%clk 1:31:34]} 4. Bg2 {
[%clk 1:31:52]} 4... b5 {[%clk 1:31:02]} 5. a4 {[%clk 1:28:00]} 5... b4 { [%clk
1:31:02]} 6. c4 {[%clk 1:28:00]} 6... bxc3 {[%clk 1:31:02]} 7. bxc3 { [%clk
1:28:00]} 7... Nbd7 {[%clk 1:31:02]} 8. O-O {[%clk 1:28:00]} 8... Ba6 { [%clk
1:31:02]} 9. Nbd2 {[%clk 1:08:15]} 9... Bd6 {[%clk 1:10:35]} 10. c4 { [%clk
1:08:15]} 10... dxc4 {[%clk 1:10:35]} 11. Qc2 {[%clk 1:08:15]} 11... c3 { [%clk
1:10:35]} 12. Nb1 {[%clk 1:08:15]} 12... Nd5 {[%clk 1:10:35]} 13. Re1 { [%clk
0:31:36]} 13... Rb8 {[%clk 0:52:55]} 14. e4 {[%clk 0:31:36]} 14... Nb4 { [%clk
0:52:55]} 15. Qxc3 {[%clk 0:31:36]} 15... O-O {[%clk 0:52:55]} 16. Rd1 { [%clk
0:15:55]} 16... Rb6 {[%clk 0:40:15]} 17. Na3 {[%clk 0:15:55]} 17... Qb8 { [%clk
0:40:15]} 18. Be3 {[%clk 0:07:48]} 18... Rc6 {[%clk 0:30:31]} 19. Qd2 { [%clk
0:07:49]} 19... Nb6 {[%clk 0:29:31]} 20. a5 {[%clk 0:07:49]} 20... Na4 { [%clk
0:29:31]} 21. Rdc1 {[%clk 0:07:49]} 21... Rxc1+ 22. Qxc1 {[%clk 0:02:18]} 22...
Nd3 {[%clk 0:24:47]} 23. Qc2 {[%clk 0:02:20]} 23... Nab2 {[%clk 0:20:13]} 24.
Bf1 {[%clk 0:02:43]} 24... Qb7 {[%clk 0:19:20]} 25. Nd2 {[%clk 0:02:53]} 25...
Rb8 {[%clk 0:10:01]} 26. Nac4 {[%clk 0:02:07]} 26... Nxc4 {[%clk 0:09:29] } 27.
Nxc4 {[%clk 0:02:31]} 27... Nb4 {[%clk 0:09:01]} 28. Qb1 {[%clk 0:02:48]} 28...
Be7 {[%clk 0:07:33]} 29. f3 {[%clk 0:01:53]} 29... Qc8 {[%clk 0:05:47]} 30. Qd1
{[%clk 0:02:01]} 30... Bb7 {[%clk 0:03:44]} 31. Rc1 {[%clk 0:02:07]} 31... Qd8
{[%clk 0:01:44]} 32. Be2 {[%clk 0:01:54]} 32... f6 {[%clk 0:01:13]} 33. Qd2
{[%clk 0:01:48]} 33... c5 {[%clk 0:00:59]} 34. Rd1 {[%clk 0:01:33]} 34... cxd4
{[%clk 0:01:12]} 35. Bxd4 {[%clk 0:01:51]} 35... Nc6 {[%clk 0:01:20] } 36. Be3
{[%clk 0:01:53]} 36... Qxd2 {[%clk 0:01:12]} 37. Rxd2 {[%clk 0:02:21] } 37...
Rd8 {[%clk 0:01:29]} 38. Rxd8+ {[%clk 0:02:33]} 38... Bxd8 { [%clk 0:01:53]}
39. Nd6 {[%clk 0:02:38]} 39... Nxa5 {[%clk 0:01:57]} 40. Nxb7 { [%clk 0:03:04]}
40... Nxb7 {[%clk 0:02:23]} 41. Bxa7 {[%clk 0:03:32]} 41... Be7 {[%clk
0:01:23]} 42. Kg2 {[%clk 0:02:39]} 42... Bc5 {[%clk 0:01:45]} 43. Bb8 { [%clk
0:03:03]} 43... Bd6 {[%clk 0:02:02]} 44. Ba7 {[%clk 0:03:27]} 44... Bc5 { [%clk
0:02:21]} 45. Bb8 {[%clk 0:03:51]} 45... Bd6 1/2-1/2